| 000 -LEADER |
| fixed length control field |
00821cam a22002291 4500 |
| 005 - DATE AND TIME OF LATEST TRANSACTION |
| control field |
20131119104202.0 |
| 008 - FIXED-LENGTH DATA ELEMENTS--GENERAL INFORMATION |
| fixed length control field |
740806s1965 fr b 000 0 eng |
| 041 0# - LANGUAGE CODE |
| Language code of text/sound track or separate title |
eng |
| 080 ## - UNIVERSAL DECIMAL CLASSIFICATION NUMBER |
| Universal Decimal Classification number |
338.91 |
| 100 1# - Rafti |
| Rafti |
Maddison, Angus |
| 245 10 - TITLE STATEMENT |
| Title |
Foreign skills and technical assistance in economic development / |
| Statement of responsibility, etc |
Angus Maddison |
| 260 ## - |
| -- |
[Paris] |
| -- |
Development Centre of the Organisation for Economic Cooperation and Development |
| -- |
[1965] |
| 300 ## - |
| -- |
104 f. ; |
| -- |
24 cm. |
| 490 1# - |
| -- |
Development centre studies |
| 500 ## - |
| -- |
Preface : f. 7-9 |
| 504 ## - BIBLIOGRAPHY, ETC. NOTE |
| Bibliography, etc |
Bibliography: p. 95-104. |
| 650 #0 - |
| -- |
Asistenca teknike |
| 650 #0 - |
| -- |
Zhvillimi ekonomik |
| 651 #0 - |
| -- |
Developing countries. |
| 810 2# - |
| -- |
Organisation for Economic Co-operation and Development. |
| -- |
Development Centre |
| -- |
Development Centre studies |
| 942 ## - ADDED ENTRY ELEMENTS (KOHA) |
| Source of classification or shelving scheme |
|
| Item type |
Books |